000 00914nam a2200253Ia 4500
003 OSt
005 20220923211222.0
006 a|||||r|||| 00| 0
007 ta
008 Pun
020 _a9788130203416 (hbk)
_c300
024 _a290,636
037 _b1009, 08/02/2016, H.K. Prakashan
_cTextual
040 _aARTS
_cARTS
_bPun
041 _2Pun
_aPun
082 _aQ8441:21:g, 153Q5
100 _aਧੀਰ, ਕੁਲਦੀਪ ਸਿੰਘ
_9159885
245 0 _aਸ੍ਰੀ ਗੁਰੂ ਗ੍ਰੰਥ ਸਾਹਿਬ
_b ਵਿਗਿਆਨਕ ਅੰਤਰ ਦ੍ਰਿFਟੀਆਂ
260 _aਪਟਿਆਲਾ
_b ਪੰਜਾਬੀ ਯੂਨੀਵਰਸਿਟੀ
_c2015
300 _a215ਪੰ
_ccm.
650 _aਧਰਮ
_9159886
942 _hQ8441:21:g, 153Q5
_cTEXL
_2CC
999 _c297161
_d297161